000 01051cam a22002055a 4500
001 L149629
008 100329e2010 xxk 000 0 eng d
035 _a(Sirsi) u149629
041 0 _aeng
100 1 _aShah, Aditi
245 0 0 _aMarkets
_bEast Midlands
260 _c2010
490 _aProperty Week
_v76(11) 19 March 2010, 57-66(5)
520 _aLloyds Banking Group?s head of corporate real estate outlines the bank?s lending strategy in the East Midlands. Nottingham, Northamptonshire, Derby and Leicester councils launch ambitious commercial and mixed-use development plans at MIPIM. New East Midlands property investment company, HCP Capital Partners aims at up to £50m worth of deals in the region in its first year. Leicestershire property developer Westleigh celebrates 25 years in the business. Asda to invest £25m in second supermarket at Langley Mill, Notttinghamshire.
590 _aKA
651 4 _aEast Midlands
690 _aPROPERTY-COMMERCIAL PROPERTY-COMMERCIAL PROPERTY MARKET
700 1 _aMartin, Ian
942 _n0
999 _c82235
_d82235